00481nam a2200157 450000500170000001000150001702000270003203500140005903700090007308200200008224500720010225000060017426000550018027000510023530000370028620241007165814.0 aENG-141940 a9788129138002c1600.00 aEN-125492 bDBAD a004.0954871121 aIndia Rising @ SIlicon Valley/cBy Confederation of Indian Industry a1 aNew DelhibRupa Publications India Pvt. Ltd.c2015 a7/16,Ansari Road, DaryaganjbNew Delhie110002 a99p.bIndex,Col. Ill.c30cm(hbk)